<?xml version="1.0" encoding="UTF-8"?><?xml-stylesheet type="text/xsl" href="static/style.xsl"?><OAI-PMH xmlns="http://www.openarchives.org/OAI/2.0/" xmlns:xsi="http://www.w3.org/2001/XMLSchema-instance" xsi:schemaLocation="http://www.openarchives.org/OAI/2.0/ http://www.openarchives.org/OAI/2.0/OAI-PMH.xsd"><responseDate>2026-04-18T04:29:28Z</responseDate><request verb="GetRecord" identifier="oai:www.recercat.cat:2445/114266" metadataPrefix="marc">https://recercat.cat/oai/request</request><GetRecord><record><header><identifier>oai:recercat.cat:2445/114266</identifier><datestamp>2025-12-04T22:31:17Z</datestamp><setSpec>com_2072_1057</setSpec><setSpec>col_2072_478917</setSpec><setSpec>col_2072_478931</setSpec></header><metadata><record xmlns="http://www.loc.gov/MARC21/slim" xmlns:dcterms="http://purl.org/dc/terms/" xmlns:xsi="http://www.w3.org/2001/XMLSchema-instance" xmlns:doc="http://www.lyncode.com/xoai" xsi:schemaLocation="http://www.loc.gov/MARC21/slim http://www.loc.gov/standards/marcxml/schema/MARC21slim.xsd">
   <leader>00925njm 22002777a 4500</leader>
   <datafield ind2=" " ind1=" " tag="042">
      <subfield code="a">dc</subfield>
   </datafield>
   <datafield ind2=" " ind1=" " tag="720">
      <subfield code="a">Castro, Karla</subfield>
      <subfield code="e">author</subfield>
   </datafield>
   <datafield ind2=" " ind1=" " tag="720">
      <subfield code="a">Kirchner, Teresa</subfield>
      <subfield code="e">author</subfield>
   </datafield>
   <datafield ind2=" " ind1=" " tag="720">
      <subfield code="a">Planellas, Irina</subfield>
      <subfield code="e">author</subfield>
   </datafield>
   <datafield ind2=" " ind1=" " tag="260">
      <subfield code="c">2017-07-24T20:21:28Z</subfield>
   </datafield>
   <datafield ind2=" " ind1=" " tag="260">
      <subfield code="c">2017-07-24T20:21:28Z</subfield>
   </datafield>
   <datafield ind2=" " ind1=" " tag="260">
      <subfield code="c">2014</subfield>
   </datafield>
   <datafield ind2=" " ind1=" " tag="260">
      <subfield code="c">2017-07-24T20:21:29Z</subfield>
   </datafield>
   <datafield ind2=" " ind1=" " tag="520">
      <subfield code="a">La conducta autodestructiva es un fenómeno prevalente en la adolescencia. El propósito principal del estudio es establecer la asociación entre conducta autodestructiva y tipologías de afrontamiento en adolescentes, detectando los perfiles de mayor riesgo. Un propósito previo y adicional es determinar la presencia de conducta autodestructiva en un rango subclínico/clínico , según género. A partir de una muestra total de 1.400 alumnos de Enseñanza General Básica con edades entre 12 y 16 años y utilizando un diseño transversal, los resultados indican que un 15% de los adolescentes refiere conductas autodestructivas dentro de un rango subclínico y/o clínico, no existiendo diferencias de género. Los adolescentes con mayor probabilidad de referir conducta autodestructiva son los pertenecientes a la tipología evitadora, caracterizada por sobreutilizar las estrategias de evitación en detrimento de las de aproximación. Las tipologías de afrontamiento se han mostrado más útiles en la predicción de conductas autodestructivas que la clásica dicotomía aproximación/evitación. Los resultados de este estudio pueden tener implicaciones a nivel de prevención y de tratamiento.</subfield>
   </datafield>
   <datafield tag="653" ind2=" " ind1=" ">
      <subfield code="a">Autoconcepte</subfield>
   </datafield>
   <datafield tag="653" ind2=" " ind1=" ">
      <subfield code="a">Adolescents</subfield>
   </datafield>
   <datafield tag="653" ind2=" " ind1=" ">
      <subfield code="a">Self-perception</subfield>
   </datafield>
   <datafield tag="653" ind2=" " ind1=" ">
      <subfield code="a">Teenagers</subfield>
   </datafield>
   <datafield ind2="0" ind1="0" tag="245">
      <subfield code="a">Predicción de conducta autodestructiva en adolescentes mediante tipologías de afrontamiento</subfield>
   </datafield>
</record></metadata></record></GetRecord></OAI-PMH>